MARC details
| 000 -LEADER |
| fixed length control field |
02748cas a2200625 a 4500 |
| 001 - CONTROL NUMBER |
| control field |
data |
| 005 - DATE AND TIME OF LATEST TRANSACTION |
| control field |
20260322212107.0 |
| 008 - FIXED-LENGTH DATA ELEMENTS--GENERAL INFORMATION |
| fixed length control field |
data |
| 010 ## - LIBRARY OF CONGRESS CONTROL NUMBER |
| LC control number |
74617524 |
| Canceled/invalid LC control number |
sn 88017005 |
| 019 ## - |
| -- |
1157576135 |
| -- |
1157576135 |
| 022 ## - INTERNATIONAL STANDARD SERIAL NUMBER |
| International Standard Serial Number |
0115-8805 |
| 023 0# - CLUSTER ISSN |
| Cluster ISSN |
0115-8805 |
| 029 1# - OTHER SYSTEM CONTROL NUMBER (OCLC) |
| OCLC library identifier |
AU@ |
| System control number |
000005939917 |
| 029 1# - OTHER SYSTEM CONTROL NUMBER (OCLC) |
| OCLC library identifier |
NLGGC |
| System control number |
045158797 |
| 029 1# - OTHER SYSTEM CONTROL NUMBER (OCLC) |
| OCLC library identifier |
NZ1 |
| System control number |
3798010 |
| 035 ## - SYSTEM CONTROL NUMBER |
| System control number |
(OCoLC)1776180 |
| 040 ## - CATALOGING SOURCE |
| Original cataloging agency |
DLC |
| Language of cataloging |
eng |
| Transcribing agency |
MUL |
| Modifying agency |
OCLCQ |
| -- |
OCL |
| -- |
HUL |
| -- |
CLU |
| -- |
NST |
| -- |
HVL |
| -- |
DLC |
| -- |
SYS |
| -- |
OCLCQ |
| -- |
DLC |
| -- |
NYDWH |
| -- |
OCLCQ |
| -- |
OCLCF |
| -- |
OCLCO |
| -- |
OCLCQ |
| -- |
NLVRD |
| -- |
OCLCL |
| -- |
OCLCQ |
| 042 ## - AUTHENTICATION CODE |
| Authentication code |
pcc |
| 050 00 - LIBRARY OF CONGRESS CALL NUMBER |
| Classification number |
KZ21 |
| Item number |
.P48 |
| 245 04 - TITLE STATEMENT |
| Title |
The Philippine yearbook of international law. |
| 260 ## - PUBLICATION, DISTRIBUTION, ETC. |
| Place of publication, distribution, etc. |
Manila : |
| Name of publisher, distributor, etc. |
Philippine Society of International Law, |
| Date of publication, distribution, etc. |
©1969- |
| 300 ## - PHYSICAL DESCRIPTION |
| Extent |
volumes ; |
| Dimensions |
26 cm |
| 310 ## - CURRENT PUBLICATION FREQUENCY |
| Current publication frequency |
Annual |
| 336 ## - CONTENT TYPE |
| Content type term |
text |
| Content type code |
txt |
| Source |
rdacontent |
| 337 ## - MEDIA TYPE |
| Media type term |
unmediated |
| Media type code |
n |
| Source |
rdamedia |
| 338 ## - CARRIER TYPE |
| Carrier type term |
volume |
| Carrier type code |
nc |
| Source |
rdacarrier |
| 362 0# - DATES OF PUBLICATION AND/OR SEQUENTIAL DESIGNATION |
| Dates of publication and/or sequential designation |
Vol. 1 (1966-1968)- |
| 550 ## - ISSUING BODY NOTE |
| Issuing body note |
Volumes for 1966/1968-1974 published by the Philippine Society of International Law; 1975- published jointly by the Philippine Society of International Law and the U.P. Law Center; <1982-> published jointly by the Philippine Society of International Law and the Legal Resources Center, U.P. Law Complex. |
| 588 ## - SOURCE OF DESCRIPTION NOTE |
| Source of description note |
Latest issue consulted: Vol. 14 (1988). |
| 590 ## - LOCAL NOTE (RLIN) |
| Local note |
SERBIB/SERLOC merged record |
| 590 ## - LOCAL NOTE (RLIN) |
| Local note |
Being reclassed from JX18.P45 |
| 650 #0 - SUBJECT ADDED ENTRY--TOPICAL TERM |
| Topical term or geographic name entry element |
International law |
| Form subdivision |
Periodicals. |
| 650 #7 - SUBJECT ADDED ENTRY--TOPICAL TERM |
| Topical term or geographic name entry element |
International law. |
| Source of heading or term |
fast |
| Authority record control number or standard number |
(OCoLC)fst00976984 |
| 650 #7 - SUBJECT ADDED ENTRY--TOPICAL TERM |
| Topical term or geographic name entry element |
Public international law. |
| Source of heading or term |
pplt |
| 650 #7 - SUBJECT ADDED ENTRY--TOPICAL TERM |
| Topical term or geographic name entry element |
LAW. |
| Source of heading or term |
unbist |
| 650 #7 - SUBJECT ADDED ENTRY--TOPICAL TERM |
| Topical term or geographic name entry element |
PHILIPPINES. |
| Source of heading or term |
unbist |
| 650 #7 - SUBJECT ADDED ENTRY--TOPICAL TERM |
| Topical term or geographic name entry element |
INTERNATIONAL LAW. |
| Source of heading or term |
unbist |
| 655 #7 - INDEX TERM--GENRE/FORM |
| Genre/form data or focus term |
Periodicals. |
| Source of term |
fast |
| Authority record control number or standard number |
(OCoLC)fst01411641 |
| 710 2# - ADDED ENTRY--CORPORATE NAME |
| Corporate name or jurisdiction name as entry element |
Philippine Society of International Law. |
| Real World Object URI |
https://id.oclc.org/worldcat/entity/E39QH7JmpkBgWd48vqVJrTjGB6 |
| 710 2# - ADDED ENTRY--CORPORATE NAME |
| Corporate name or jurisdiction name as entry element |
University of the Philippines. |
| Subordinate unit |
Law Center. |
| 710 2# - ADDED ENTRY--CORPORATE NAME |
| Corporate name or jurisdiction name as entry element |
University of the Philippines. |
| Subordinate unit |
Legal Resources Center. |
| 776 08 - ADDITIONAL PHYSICAL FORM ENTRY |
| Relationship information |
Online version: |
| Title |
Philippine yearbook of international law |
| Record control number |
(OCoLC)646836196 |
| 780 00 - PRECEDING ENTRY |
| Title |
Philippine international law journal |
| Record control number |
(OCoLC)1762234 |
| -- |
(OCoLC)1762234 |
| 890 ## - |
| -- |
Philippine yearbook of international law. (Philippine Society of International Law) Manila. |
| -- |
sv86-27485 |
| 906 ## - LOCAL DATA ELEMENT F, LDF (RLIN) |
| a |
7 |
| b |
cbc |
| c |
serials |
| d |
u |
| e |
ncip |
| f |
19 |
| g |
n-oclcserc |
| 925 0# - |
| -- |
acquire |
| -- |
1 shelf copy |
| -- |
LL policy default |
| 955 ## - COPY-LEVEL INFORMATION (RLIN) |
| -- |
sg08 2003-05-28 |
| -- |
sg12 2003-05-30 to LL CSO |
| 991 ## - |
| -- |
c-LL |
| -- |
JX18 |
| -- |
.P45 |
| -- |
SERIALS |
| 992 ## - |
| -- |
B/L |
| -- |
SERLOC |